[Event "Titled Tuesday intern op 06th Feb Early"]
[Site "Chess.com INT"]
[Date "2024.02.06"]
[Round "5"]
[White "Bindrich, Falko"]
[Black "Toman, Ondrej"]
[Result "1-0"]
[WhiteElo "2584"]
[BlackElo "2276"]
[PlyCount "73"]
[EventDate "2024.02.06"]
[EventType "swiss (blitz)"]
[EventRounds "11"]
[EventCountry "USA"]
[SourceTitle "CB07_2024"]
[SourceDate "2024.02.14"]
[SourceVersion "1"]
[SourceVersionDate "2024.02.14"]
[SourceQuality "1"]

1. d4 Nf6 2. c4 e6 3. Nc3 Bb4 4. Qc2 0-0 5. Nf3 c5 6. dxc5 Bxc5 7. Bf4 d5 8. e3 Nc6 9. Rd1 Qa5 10. Nd2 a6 11. Nb3 Qb6 12. Be2 d4 13. exd4 Nxd4 14. Nxd4 Bxd4 15. 0-0 e5 16. Bg5 h6 17. Bh4 Qe6 18. Bf3 Rb8 19. Rfe1 Qf5 20. Ne4 Nxe4 21. Bxe4 Qh5 22. Be7 Re8 23. Bd6 Bg4 24. Rxd4 exd4 25. Bxb8 Rxb8 26. Qd3 Qc5 27. a3 Be6 28. Rc1 a5 29. Qg3 Rd8 30. h4 b6 31. Bd3 a4 32. Re1 Qc6 33. Re5 Qc8 34. Qf4 Bxc4 35. Bf5 Be6 36. Bd3 Rf8 37. Qxd4 1-0

[Event "Titled Tuesday intern op 06th Feb Early"]
[Site "Chess.com INT"]
[Date "2024.02.06"]
[Round "7"]
[White "Deac, Bogdan Daniel"]
[Black "Bindrich, Falko"]
[Result "1-0"]
[WhiteElo "2690"]
[BlackElo "2584"]
[PlyCount "49"]
[EventDate "2024.02.06"]
[EventType "swiss (blitz)"]
[EventRounds "11"]
[EventCountry "USA"]
[SourceTitle "CB07_2024"]
[SourceDate "2024.02.14"]
[SourceVersion "1"]
[SourceVersionDate "2024.02.14"]
[SourceQuality "1"]

1. d4 Nf6 2. c4 e6 3. Nc3 d5 4. Nf3 dxc4 5. e4 Bb4 6. Bg5 h6 7. Bxf6 Qxf6 8. Bxc4 c5 9. 0-0 cxd4 10. e5 Qd8 11. Ne4 0-0 12. Qe2 Bd7 13. Rfd1 Bc6 14. Nxd4 Qc7 15. Nf6+ Kh8 16. Qd3 g6 17. Qe3 Kg7 18. Bxe6 Qe7 19. Nf5+ gxf5 20. Qg3+ Kh8 21. Qf4 Kg7 22. Nh5+ Kh7 23. Bxf5+ Kg8 24. Qxh6 f6 25. Be6+ 1-0

[Event "Chessable Masters Play In"]
[Site "Chess.com INT"]
[Date "2024.01.31"]
[Round "8"]
[White "Kantor, Gergely"]
[Black "Bindrich, Falko"]
[Result "1-0"]
[WhiteElo "2531"]
[BlackElo "2584"]
[PlyCount "68"]
[EventDate "2024.01.31"]
[EventType "swiss (rapid)"]
[EventRounds "9"]
[EventCountry "USA"]
[SourceTitle "CB06_2024"]
[SourceDate "2024.02.07"]
[SourceVersion "1"]
[SourceVersionDate "2024.02.07"]
[SourceQuality "1"]

1. d4 d5 2. c4 c6 3. Nf3 e6 4. Qc2 Nf6 5. Nbd2 Nbd7 6. g3 Be7 7. Bg2 0-0 8. 0-0 b6 9. e4 Bb7 10. e5 Ne8 11. cxd5 cxd5 12. Nb1 Ba6 13. Re1 Rc8 14. Nc3 Nc7 15. h4 h6 16. Bf4 Ne8 17. Qd2 Nb8 18. Bh3 h5 19. Ng5 Rc6 20. g4 Bxg5 21. Bxg5 f6 22. exf6 Nxf6 23. gxh5 Bc8 24. h6 Rf7 25. hxg7 Rxg7 26. Qf4 e5 27. dxe5 Nh5 28. Qf3 Rc4 29. Qxh5 Bxh3 30. Kh2 Qd7 31. Rg1 Bg4 32. Qh6 Qf5 33. Nxd5 Qxe5+ 34. Nf4 Rc5 1-0

[Event "Chessable Masters Play In"]
[Site "Chess.com INT"]
[Date "2024.01.31"]
[Round "5"]
[White "Vaibhav, Suri"]
[Black "Bindrich, Falko"]
[Result "1-0"]
[WhiteElo "2596"]
[BlackElo "2584"]
[PlyCount "109"]
[EventDate "2024.01.31"]
[EventType "swiss (rapid)"]
[EventRounds "9"]
[EventCountry "USA"]
[SourceTitle "CB06_2024"]
[SourceDate "2024.02.07"]
[SourceVersion "1"]
[SourceVersionDate "2024.02.07"]
[SourceQuality "1"]

1. e4 e5 2. Nf3 Nf6 3. d4 Nxe4 4. Bd3 d5 5. Nxe5 Nd7 6. Nc3 Nxc3 7. bxc3 Bd6 8. 0-0 0-0 9. Re1 h6 10. Qf3 c6 11. Bf4 Nxe5 12. dxe5 Be7 13. c4 Be6 14. cxd5 Bxd5 15. Qh5 Bg5 16. Bg3 g6 17. Qe2 Be6 18. h3 h5 19. a4 Bh4 20. Bh2 Qd4 21. a5 b5 22. axb6 axb6 23. Rad1 Qc5 24. Bf4 b5 25. g3 Be7 26. Kh2 Ra4 27. Qe3 Bd5 28. Kg1 Be6 29. Qxc5 Bxc5 30. Kg2 h4 31. Bg5 Bd5+ 32. f3 hxg3 33. Kxg3 Be6 34. h4 Re8 35. Be4 Rc4 36. Bf6 Bd5 37. Bxd5 cxd5 38. Rxd5 Rxc2 39. Red1 b4 40. Rd8 Rf8 41. Rxf8+ Bxf8 42. Rd8 Rc7 43. Rb8 Rd7 44. Kg4 Ra7 45. f4 Rd7 46. h5 gxh5+ 47. Kxh5 b3 48. Bg5 Rd3 49. Be7 Kh7 50. Bxf8 Rf3 51. Kg5 Rg3+ 52. Kf5 Rg6 53. Be7 Re6 54. Bf6 Re8 55. Rxe8 1-0

[Event "FIDE World Cup Europe Hybrid Qual"]
[Site "Tornelo INT"]
[Date "2021.05.24"]
[Round "1.1"]
[White "Bindrich, Falko"]
[Black "Haria, Ravi"]
[Result "0-1"]
[WhiteElo "2584"]
[BlackElo "2440"]
[PlyCount "72"]
[EventDate "2021.05.24"]
[EventType "k.o."]
[EventRounds "3"]
[EventCountry "NET"]
[SourceTitle "CBM 202 Extra"]
[Source "ChessBase"]
[SourceDate "2021.07.31"]
[SourceVersion "1"]
[SourceVersionDate "2021.07.31"]
[SourceQuality "1"]

1. c4 e6 2. g3 d5 3. Bg2 Nf6 4. Nf3 Be7 5. 0-0 0-0 6. b3 b6 7. Bb2 Bb7 8. e3 c5 9. d3 Qc8 10. Nbd2 Nc6 11. Qe2 Qc7 12. a3 Rad8 13. Rad1 Rfe8 14. Ne1 e5 15. f4 exf4 16. gxf4 d4 17. e4 Bd6 18. e5 Nxe5 19. fxe5 Rxe5 20. Ne4 Nxe4 21. Bxe4 Qe7 22. Nf3 f5 23. Nxe5 fxe4 24. Rf7 Qg5+ 25. Qg2 Qxg2+ 26. Kxg2 Ba8 27. Rf5 g6 28. Rg5 e3+ 29. Kg1 Re8 30. Ng4 Bf4 31. Nf6+ Kf7 32. Nxe8 e2 33. Rf1 exf1Q+ 34. Kxf1 Bxg5 35. Nc7 Bc6 36. Nb5 a6 0-1

[Event "GER-ch"]
[Site "Magdeburg"]
[Date "2020.08.20"]
[Round "6"]
[White "Bindrich, Falko"]
[Black "Hess, Max"]
[Result "1/2-1/2"]
[WhiteElo "2605"]
[BlackElo "2378"]
[PlyCount "81"]
[EventDate "2020.08.16"]
[EventType "swiss"]
[EventRounds "9"]
[EventCountry "GER"]
[SourceTitle "CBM 197 Extra"]
[Source "ChessBase"]
[SourceDate "2020.09.30"]
[SourceVersion "1"]
[SourceVersionDate "2020.09.30"]
[SourceQuality "1"]

1. Nf3 d5 2. d4 e6 3. c4 a6 4. Bg5 Be7 5. Bxe7 Nxe7 6. Nbd2 0-0 7. e3 Nd7 8. Bd3 c5 9. cxd5 Nxd5 10. dxc5 Nb4 11. Nb3 Qf6 12. a3 Nxd3+ 13. Qxd3 Qxb2 14. 0-0 Ne5 15. Nxe5 Qxe5 16. Rfd1 Qh5 17. Qe4 a5 18. Rac1 e5 19. Rd6 f6 20. Nd2 Qf7 21. Rb6 Rd8 22. Nc4 Qd5 23. Qxd5+ Rxd5 24. Nd6 Rd3 25. Nxb7 Rxa3 26. c6 Kf8 27. c7 Ra7 28. g4 Rxb7 29. Rxb7 Bxb7 30. Rb1 Ba6 31. Rb6 Rc3 32. Rxa6 Rxc7 33. Rxa5 Kf7 34. Kg2 Kg6 35. Kg3 Rc1 36. Ra7 Rg1+ 37. Kf3 h5 38. h3 hxg4+ 39. hxg4 Rb1 40. Kg2 Rb2 41. Kg3 1/2-1/2

[Event "GER-ch"]
[Site "Magdeburg"]
[Date "2020.08.18"]
[Round "4"]
[White "Bindrich, Falko"]
[Black "Neurohr, Juergen"]
[Result "1-0"]
[WhiteElo "2605"]
[BlackElo "2022"]
[PlyCount "37"]
[EventDate "2020.08.16"]
[EventType "swiss"]
[EventRounds "9"]
[EventCountry "GER"]
[SourceTitle "CBM 197 Extra"]
[Source "ChessBase"]
[SourceDate "2020.09.30"]
[SourceVersion "1"]
[SourceVersionDate "2020.09.30"]
[SourceQuality "1"]

1. Nf3 Nf6 2. c4 g6 3. b3 Bg7 4. Bb2 0-0 5. g3 d6 6. d4 e5 7. dxe5 Nfd7 8. Bg2 Nxe5 9. Nxe5 dxe5 10. Nc3 c6 11. 0-0 Qc7 12. Qd2 Rd8 13. Qe3 Na6 14. Rad1 Rxd1 15. Rxd1 Bf5 16. h3 Bf8 17. g4 Bc5 18. Qg3 Be6 19. Ne4 1-0

[Event "GER-ch"]
[Site "Magdeburg"]
[Date "2020.08.18"]
[Round "3"]
[White "Pfreundt, Jakob"]
[Black "Bindrich, Falko"]
[Result "1-0"]
[WhiteElo "2397"]
[BlackElo "2605"]
[PlyCount "179"]
[EventDate "2020.08.16"]
[EventType "swiss"]
[EventRounds "9"]
[EventCountry "GER"]
[SourceTitle "CBM 197 Extra"]
[Source "ChessBase"]
[SourceDate "2020.09.30"]
[SourceVersion "1"]
[SourceVersionDate "2020.09.30"]
[SourceQuality "1"]

1. e4 c5 2. Nf3 d6 3. d4 cxd4 4. Nxd4 Nf6 5. Nc3 a6 6. f4 e5 7. Nf3 Qc7 8. Bd3 Nbd7 9. a4 b6 10. 0-0 Bb7 11. Qe1 Be7 12. Kh1 h6 13. Nh4 g6 14. Nf3 Nc5 15. b4 Nxd3 16. cxd3 Rc8 17. Bb2 Nd7 18. Qd2 Bf6 19. Rac1 Qd8 20. Ne2 Rxc1 21. Rxc1 0-0 22. f5 Bg7 23. Ng3 Nf6 24. Qc2 Ne8 25. d4 Qe7 26. d5 h5 27. fxg6 fxg6 28. Ne2 Bh6 29. Rf1 Nf6 30. Bc1 Bxc1 31. Rxc1 Ba8 32. Qd3 Ng4 33. Qc2 b5 34. h3 Nf6 35. a5 Ne8 36. Qd2 Bb7 37. Qe3 Nf6 38. Ng5 Bc8 39. Nf3 Kg7 40. Qg5 Qf7 41. Qe3 Kg8 42. Rc6 Qe7 43. Qh6 Qg7 44. Qxg7+ Kxg7 45. Nc3 Bd7 46. Rxd6 Rc8 47. Nxe5 Rxc3 48. Nxd7 Nxe4 49. Rc6 Rb3 50. Ne5 Rxb4 51. Rxg6+ Kf8 52. Rxa6 Rd4 53. Rb6 Rxd5 54. a6 Rd1+ 55. Kh2 Ra1 56. h4 Nc5 57. Rxb5 Nxa6 58. Nf3 Nc7 59. Rxh5 Ne6 60. Re5 Nd8 61. g4 Nf7 62. Re4 Kg7 63. Kg3 Ra3 64. Kf4 Ra1 65. Rd4 Rf1 66. g5 Rf2 67. Ra4 Rf1 68. Kg4 Rf2 69. Ra6 Rg2+ 70. Kh5 Rf2 71. Nd4 Ne5 72. Ra7+ Kg8 73. Re7 Rf4 74. Rxe5 Rxd4 75. Kh6 Rxh4+ 76. Kg6 Kf8 77. Rf5+ Kg8 78. Ra5 Kf8 79. Ra8+ Ke7 80. Kg7 Rh2 81. g6 Rh1 82. Ra3 Re1 83. Kg8 Rg1 84. g7 Rh1 85. Re3+ Kd7 86. Re4 Kd6 87. Kf7 Rf1+ 88. Kg6 Rg1+ 89. Kf6 Kd7 90. Re5 1-0

[Event "German Masters"]
[Site "Magdeburg"]
[Date "2019.05.31"]
[Round "6"]
[White "Bluebaum, Matthias"]
[Black "Bindrich, Falko"]
[Result "1/2-1/2"]
[WhiteElo "2618"]
[BlackElo "2599"]
[PlyCount "82"]
[EventDate "2019.05.26"]
[EventType "tourn"]
[EventRounds "7"]
[EventCountry "GER"]
[EventCategory "14"]
[SourceTitle "CBM 190 Extra"]
[Source "ChessBase"]
[SourceDate "2019.07.15"]
[SourceVersion "1"]
[SourceVersionDate "2019.07.15"]
[SourceQuality "1"]

1. d4 Nf6 2. c4 e6 3. Nc3 Bb4 4. e3 b6 5. Bd2 Bb7 6. Nf3 Bxc3 7. Bxc3 Ne4 8. Rc1 0-0 9. Bd3 f5 10. 0-0 Nxc3 11. Rxc3 c5 12. Re1 Bxf3 13. Qxf3 Nc6 14. d5 Ne5 15. Qd1 Qf6 16. Be2 Rae8 17. Qd2 Nf7 18. Ra3 a5 19. dxe6 dxe6 20. Qc3 Qxc3 21. Rxc3 Rd8 22. Rb3 Rd6 23. Rd1 Rxd1+ 24. Bxd1 Rd8 25. Be2 Rd6 26. f4 g5 27. Rd3 h6 28. a4 Kg7 29. Rxd6 Nxd6 30. Bd3 Kf6 31. Kf2 e5 32. g3 Nf7 33. Be2 Nd8 34. Bd1 Ne6 35. Kf3 e4+ 36. Kf2 g4 37. Be2 h5 38. Bd1 Nf8 39. Kg2 Ng6 40. h4 Nf8 41. Kf2 Ne6 1/2-1/2

[Event "EU-ch 20th"]
[Site "Skopje"]
[Date "2019.03.25"]
[Round "7"]
[White "Berkes, Ferenc"]
[Black "Bindrich, Falko"]
[Result "1/2-1/2"]
[WhiteElo "2666"]
[BlackElo "2610"]
[PlyCount "94"]
[EventDate "2019.03.18"]
[EventType "swiss"]
[EventRounds "11"]
[EventCountry "MKD"]
[SourceTitle "CBM 189"]
[Source "ChessBase"]
[SourceDate "2019.04.29"]
[SourceVersion "1"]
[SourceVersionDate "2019.04.29"]
[SourceQuality "1"]

1. d4 d5 2. c4 e6 3. Nc3 Nf6 4. cxd5 Nxd5 5. g3 c5 6. Bg2 Nxc3 7. bxc3 Nc6 8. Nf3 cxd4 9. cxd4 Bb4+ 10. Bd2 Bxd2+ 11. Qxd2 0-0 12. 0-0 Bd7 13. Rfc1 Rc8 14. e3 Qa5 15. Qb2 b6 16. a3 Rfd8 17. h4 h6 18. Kh2 Be8 19. Nd2 Ne7 20. Ne4 Bc6 21. Qb4 Qxb4 22. axb4 Rd7 23. g4 Kf8 24. Ra3 Bd5 25. Rxc8+ Nxc8 26. Rc3 Ne7 27. b5 Ke8 28. h5 Kd8 29. Kg3 f5 30. gxf5 exf5 31. Nd2 f4+ 32. Kh2 fxe3 33. fxe3 Bxg2 34. Kxg2 Rd5 35. Rb3 Rxh5 36. e4 Ng6 37. Rb1 Nf4+ 38. Kf3 g5 39. Kg4 Rh2 40. Nf3 Rg2+ 41. Kf5 Rf2 42. Ne5 Ne2+ 43. Kg6 Rf4 44. Nc6+ Kc7 45. e5 Nxd4 46. Nxd4 Rxd4 47. Kf7 Rf4+ 1/2-1/2

[Event "EU-ch 20th"]
[Site "Skopje"]
[Date "2019.03.21"]
[Round "4"]
[White "Bindrich, Falko"]
[Black "Costachi, Mihnea"]
[Result "1-0"]
[WhiteElo "2610"]
[BlackElo "2466"]
[PlyCount "153"]
[EventDate "2019.03.18"]
[EventType "swiss"]
[EventRounds "11"]
[EventCountry "MKD"]
[SourceTitle "CBM 189"]
[Source "ChessBase"]
[SourceDate "2019.04.29"]
[SourceVersion "1"]
[SourceVersionDate "2019.04.29"]
[SourceQuality "1"]

1. e4 e5 2. Nf3 Nc6 3. Bc4 Bc5 4. 0-0 d6 5. c3 Nf6 6. b4 Bb6 7. a4 a6 8. d3 h6 9. Nbd2 0-0 10. Bb3 Be6 11. Bxe6 fxe6 12. Rb1 Ba7 13. b5 axb5 14. axb5 Nb8 15. Qb3 Qe8 16. d4 exd4 17. Nxd4 Bxd4 18. cxd4 Nbd7 19. Ba3 Rf7 20. Rfe1 Kh8 21. Rbc1 Nb6 22. e5 dxe5 23. Rxe5 Nfd5 24. Rce1 Nf4 25. Bc1 Qf8 26. Nf3 Nbd5 27. R5e4 Rf5 28. Ne5 Qf6 29. g4 Rxe5 30. dxe5 Qf7 31. Bxf4 Nxf4 32. Qf3 g5 33. Rd4 Ra2 34. Kh1 Kg7 35. Rc1 Nd5 36. Qxf7+ Kxf7 37. Rxc7+ Nxc7 38. Rd7+ Kg8 39. Rxc7 Rxf2 40. Rxb7 Rb2 41. b6 Kf8 42. Kg1 Ke8 43. h3 Kd8 44. Kf1 Kc8 45. Rh7 Rxb6 46. Rxh6 Kd7 47. Rh5 Rb3 48. Kg2 Rb2+ 49. Kf3 Rb3+ 50. Ke4 Rb4+ 51. Ke3 Rb3+ 52. Ke4 Rb4+ 53. Kd3 Rb3+ 54. Kd4 Ra3 55. Rxg5 Rxh3 56. Rg7+ Ke8 57. Ke4 Ra3 58. Kf4 Ra5 59. Rb7 Rc5 60. g5 Rc4+ 61. Kf3 Kf8 62. g6 Rc1 63. Kg4 Rf1 64. Kh5 Re1 65. Kh6 Rh1+ 66. Kg5 Rf1 67. Rf7+ Rxf7 68. gxf7 Kxf7 69. Kh6 Ke7 70. Kg7 Ke8 71. Kf6 Kd7 72. Kf7 Kd8 73. Kxe6 Ke8 74. Kd6 Kd8 75. e6 Ke8 76. e7 Kf7 77. Kd7 1-0

[Event "Wch Blitz"]
[Site "St Petersburg"]
[Date "2018.12.29"]
[Round "2"]
[White "Bindrich, Falko"]
[Black "Petrov, Nikita"]
[Result "1/2-1/2"]
[WhiteElo "2606"]
[BlackElo "2593"]
[PlyCount "79"]
[EventDate "2018.12.29"]
[EventType "swiss (blitz)"]
[EventRounds "21"]
[EventCountry "RUS"]
[SourceTitle "CBM 187 Extra"]
[Source "ChessBase"]
[SourceDate "2018.11.04"]
[SourceVersion "1"]
[SourceVersionDate "2018.11.04"]
[SourceQuality "1"]

1. d4 Nf6 2. c4 c6 3. Nc3 d5 4. e3 Bf5 5. cxd5 cxd5 6. Qb3 Nc6 7. Qxb7 Bd7 8. Qb3 Rb8 9. Qd1 e5 10. dxe5 Nxe5 11. Be2 Bd6 12. Nf3 0-0 13. 0-0 Qe7 14. a4 Rfc8 15. Nd4 Bb4 16. Bd2 Nc4 17. Bxc4 dxc4 18. Qc2 Qe5 19. Ncb5 Bc5 20. Nf3 Qe4 21. Rfc1 a6 22. Qxe4 Nxe4 23. Nc3 Nxd2 24. Nxd2 Be6 25. Nce4 Be7 26. Rc2 Rb4 27. a5 Rcb8 28. Rb1 f5 29. Nc3 Bf6 30. f3 Bd8 31. Ne2 Bxa5 32. Nd4 c3 33. Nxe6 cxd2 34. Rxd2 R4b6 35. Rd5 Rxe6 36. Rxa5 Rxe3 37. Rxa6 Reb3 38. Ra2 g6 39. Kf2 Rc8 40. Ra3 1/2-1/2

[Event "Wch Blitz"]
[Site "St Petersburg"]
[Date "2018.12.29"]
[Round "10"]
[White "Bindrich, Falko"]
[Black "Vokhidov, Shamsiddin"]
[Result "0-1"]
[WhiteElo "2606"]
[BlackElo "2480"]
[PlyCount "192"]
[EventDate "2018.12.29"]
[EventType "swiss (blitz)"]
[EventRounds "21"]
[EventCountry "RUS"]
[SourceTitle "CBM 187 Extra"]
[Source "ChessBase"]
[SourceDate "2018.11.04"]
[SourceVersion "1"]
[SourceVersionDate "2018.11.04"]
[SourceQuality "1"]

1. d4 d5 2. c4 e6 3. g3 dxc4 4. Nf3 c5 5. Bg2 Nc6 6. Qa4 cxd4 7. Nxd4 Qxd4 8. Bxc6+ Bd7 9. Bxd7+ Qxd7 10. Qxc4 Rc8 11. Qf4 Bd6 12. Qd2 Bb4 13. Nc3 Qc6 14. 0-0 Nf6 15. Qg5 Bxc3 16. bxc3 0-0 17. Ba3 Rfd8 18. Be7 Ne4 19. Qe3 Rd7 20. Bb4 b6 21. f3 Nf6 22. c4 Qxc4 23. Rac1 Qa6 24. Qa3 Qb7 25. Qxa7 Ra8 26. Qxb7 Rxb7 27. a3 h6 28. e4 Nd7 29. Rfd1 b5 30. Rd4 Ne5 31. Kf2 Nc4 32. Rd3 Rba7 33. Rcc3 f6 34. h4 h5 35. Rb3 Kf7 36. Bc5 Rb7 37. Rdc3 Na5 38. Rb1 Rc8 39. Bb4 Nc4 40. Rd1 Ra7 41. Rcd3 Rcc7 42. Rb1 Rcb7 43. Bc5 Ra4 44. Rdb3 Ra5 45. Bb4 Ra8 46. Rd1 Raa7 47. Rdd3 Ra8 48. Rd1 Rab8 49. Rdb1 Rb6 50. Bc5 R6b7 51. Bb4 Ra8 52. Ke2 Rd8 53. Be1 Rdb8 54. Bb4 Rb6 55. Bc5 R6b7 56. a4 Ra8 57. Rxb5 Rd7 58. Rb7 Rxb7 59. Rxb7+ Kg6 60. Rb4 Ne5 61. Bd6 Nc6 62. Rc4 Na5 63. Rc3 Nb7 64. Bf8 Rxf8 65. Rc7 Nd6 66. Rc6 Nb7 67. Rc7 Na5 68. Ra7 Nc6 69. Rc7 Nd4+ 70. Ke3 e5 71. f4 Ra8 72. fxe5 fxe5 73. Rc5 Rxa4 74. Rxe5 Nc2+ 75. Kf4 Kh6 76. g4 hxg4 77. Kxg4 Ne3+ 78. Kf4 Nc4 79. Re6+ Kh7 80. Kf5 Ra1 81. Rc6 Ne3+ 82. Kf4 Ng2+ 83. Kg3 Ne3 84. Rc3 Nf1+ 85. Kf4 Ra2 86. Rd3 Rf2+ 87. Kg5 Nd2 88. Re3 Nc4 89. Re1 Ne5 90. Rh1 Re2 91. Kf4 Nc4 92. Rh3 Nd6 93. Kf3 Rxe4 94. Rh1 Rd4 95. Ke3 Nf5+ 96. Kf3 Rxh4 0-1

[Event "Wch Blitz"]
[Site "St Petersburg"]
[Date "2018.12.29"]
[Round "5"]
[White "Drygalov, Sergey"]
[Black "Bindrich, Falko"]
[Result "1/2-1/2"]
[WhiteElo "2446"]
[BlackElo "2606"]
[PlyCount "72"]
[EventDate "2018.12.29"]
[EventType "swiss (blitz)"]
[EventRounds "21"]
[EventCountry "RUS"]
[SourceTitle "CBM 187 Extra"]
[Source "ChessBase"]
[SourceDate "2018.11.04"]
[SourceVersion "1"]
[SourceVersionDate "2018.11.04"]
[SourceQuality "1"]

1. d4 d5 2. Nf3 Nf6 3. c4 e6 4. Nc3 c5 5. cxd5 Nxd5 6. e3 cxd4 7. exd4 Nxc3 8. bxc3 Qc7 9. Bd2 Nd7 10. Bd3 b6 11. 0-0 Bb7 12. c4 Bd6 13. d5 Nc5 14. Bc2 0-0-0 15. h3 exd5 16. cxd5 Bxd5 17. a4 Bxf3 18. Qxf3 Bh2+ 19. Kh1 Rxd2 20. Qa8+ Qb8 21. Qc6+ Bc7 22. Bf5+ Kd8 23. Rad1 Rd6 24. Rfe1 Ne6 25. Rxd6+ Bxd6 26. Bxe6 fxe6 27. Rxe6 Be7 28. Re1 Bd6 29. Re6 Be7 30. Re1 Bd6 31. Re6 Be7 32. Re3 Bd6 33. Rd3 Ke7 34. Re3+ Kd8 35. Re6 Be7 36. Re3 Bd6 1/2-1/2

[Event "Wch Blitz"]
[Site "St Petersburg"]
[Date "2018.12.29"]
[Round "9"]
[White "Nihal, Sarin"]
[Black "Bindrich, Falko"]
[Result "1-0"]
[WhiteElo "2576"]
[BlackElo "2606"]
[PlyCount "91"]
[EventDate "2018.12.29"]
[EventType "swiss (blitz)"]
[EventRounds "21"]
[EventCountry "RUS"]
[SourceTitle "CBM 187 Extra"]
[Source "ChessBase"]
[SourceDate "2018.11.04"]
[SourceVersion "1"]
[SourceVersionDate "2018.11.04"]
[SourceQuality "1"]

1. e4 e5 2. Nf3 Nf6 3. Nxe5 d6 4. Nf3 Nxe4 5. d4 d5 6. Bd3 Bf5 7. 0-0 Be7 8. Re1 Nd6 9. Bf4 Bxd3 10. Qxd3 0-0 11. Nbd2 c6 12. c3 Na6 13. Nf1 Nc7 14. Ng3 f6 15. Nf5 Nxf5 16. Qxf5 Bd6 17. Re2 Bxf4 18. Qxf4 Qd7 19. Rae1 Rae8 20. h3 Rxe2 21. Rxe2 Re8 22. Rxe8+ Nxe8 23. Qb8 b6 24. Kf1 Kf7 25. Ne1 Qc7 26. Qa8 Nd6 27. Nd3 Qb7 28. Qxb7+ Nxb7 29. Nb4 Nd8 30. Ke2 Ke6 31. Nd3 g5 32. Kf3 h5 33. Ke3 h4 34. g3 Nf7 35. gxh4 gxh4 36. Kf4 f5 37. Ne1 Nd6 38. Nf3 Ne4 39. Ng5+ Kf6 40. Nxe4+ dxe4 41. c4 b5 42. cxb5 cxb5 43. d5 b4 44. d6 Ke6 45. d7 Kxd7 46. Kxf5 1-0

[Event "Wch Blitz"]
[Site "St Petersburg"]
[Date "2018.12.29"]
[Round "1"]
[White "Steinberg, Nitzan"]
[Black "Bindrich, Falko"]
[Result "1/2-1/2"]
[WhiteElo "2532"]
[BlackElo "2606"]
[PlyCount "93"]
[EventDate "2018.12.29"]
[EventType "swiss (blitz)"]
[EventRounds "21"]
[EventCountry "RUS"]
[SourceTitle "CBM 187 Extra"]
[Source "ChessBase"]
[SourceDate "2018.11.04"]
[SourceVersion "1"]
[SourceVersionDate "2018.11.04"]
[SourceQuality "1"]

1. e4 e5 2. Nf3 Nc6 3. Bb5 Nf6 4. 0-0 Nxe4 5. Re1 Nd6 6. a4 a6 7. Nxe5 Nxe5 8. Rxe5+ Be7 9. Bf1 0-0 10. Nc3 Ne8 11. Nd5 Bd6 12. Re1 c6 13. Ne3 Bc7 14. c4 d5 15. cxd5 cxd5 16. d4 Nf6 17. Bd3 Be6 18. Bd2 Qd6 19. g3 Bb6 20. Bc3 Rad8 21. Qf3 Rfe8 22. Nf5 Bxf5 23. Qxf5 g6 24. Qf3 Nd7 25. Kg2 Nb8 26. Bc2 Nc6 27. Rxe8+ Rxe8 28. Rd1 Kg7 29. h4 h5 30. Bb1 Rd8 31. Ba2 Ba5 32. Bxa5 Nxa5 33. Rc1 Nc6 34. Qe3 Qb4 35. Rc5 Qxb2 36. Bxd5 b6 37. Rxc6 Rxd5 38. Rc4 b5 39. axb5 axb5 40. Rc5 Qa2 41. Qe4 Rxc5 42. dxc5 Qa7 43. c6 Qc5 44. Kg1 b4 45. c7 Qc1+ 46. Kg2 Qxc7 47. Qxb4 1/2-1/2